000 00619 a2200193 4500
999 _c4835
_d4835
010 _aENG-86620
020 _a8177094718
_c104.00
035 _aEN-70153
037 _bDBAD / PUB
082 1 4 _a516.24
100 1 _aDasgupta, Ashit
245 1 _aModern approach to intermediate trignometry /
_cby Ashit Das Gupta [and] Surya Bhushan Prasad
250 _a5th rev ed
260 _aNew Delhi
_bBharati Bhawan
_c2006
270 _a4271/3, Ansari Road, Daryaganj,
_bNew Delhi
_e110 002
300 _avarious paging
_c22 cm (Pbk)
700 1 _aPrasad, Surya Bhushan
942 _adpl
_cEN
_2ddc
_h516.24
_mDAS